|
|
|
|
| LEADER |
00970nab a2200277 i 4500 |
| 001 |
publ22987 |
| 005 |
20211203085036.0 |
| 008 |
211203s2021 hu o 0|| Angol d |
| 022 |
|
|
|a 0957-4484 1361-6528
|
| 024 |
7 |
|
|a 10.1088/1361-6528/ac0c41
|2 doi
|
| 024 |
7 |
|
|a 32103251
|2 mtmt
|
| 040 |
|
|
|a SZTE Publicatio Repozitórium
|b hun
|
| 041 |
|
|
|a Angol
|
| 100 |
1 |
|
|a Kohut Attila
|
| 245 |
1 |
0 |
|a One-step fabrication of fiber optic SERS sensors via spark ablation
|h [elektronikus dokumentum] /
|c Kohut Attila
|
| 260 |
|
|
|c 2021
|
| 300 |
|
|
|a Terjedelem: 8-Azonosító: 395501
|
| 490 |
0 |
|
|a NANOTECHNOLOGY
|v 32 No. 39
|
| 650 |
|
4 |
|a Fizikai tudományok
|
| 700 |
0 |
1 |
|a Horváth Viktória
|e aut
|
| 700 |
0 |
1 |
|a Pápa Zsuzsanna
|e aut
|
| 700 |
0 |
1 |
|a Vajda Balázs
|e aut
|
| 700 |
0 |
1 |
|a Kopniczky Judit
|e aut
|
| 700 |
0 |
1 |
|a Galbács Gábor
|e aut
|
| 700 |
0 |
1 |
|a Geretovszky Zsolt
|e aut
|
| 856 |
4 |
0 |
|u http://publicatio.bibl.u-szeged.hu/22987/1/Kohut_2021_Nanotechnology_32_395501.pdf
|z Dokumentum-elérés
|